Grammar Sense 1 / (Record no. 14779)
[ view plain ]
| 000 -LEADER | |
|---|---|
| fixed length control field | 01021nac a22002411u 4500 |
| 008 - FIXED-LENGTH DATA ELEMENTS--GENERAL INFORMATION | |
| fixed length control field | 080806t xxu||||| |||| 00| 0 eng d |
| 010 ## - LIBRARY OF CONGRESS CONTROL NUMBER | |
| LC control number | 2003054875 |
| 020 ## - INTERNATIONAL STANDARD BOOK NUMBER | |
| International Standard Book Number | 0194378136 |
| 020 ## - INTERNATIONAL STANDARD BOOK NUMBER | |
| International Standard Book Number | 9780194378130 |
| 082 00 - DEWEY DECIMAL CLASSIFICATION NUMBER | |
| Classification number | 428.24 |
| Item number | PAV |
| 100 ## - MAIN ENTRY--PERSONAL NAME | |
| Personal name | Pavlik, Cheryl, |
| 9 (RLIN) | 20485 |
| 245 10 - TITLE STATEMENT | |
| Title | Grammar Sense 1 / |
| Statement of responsibility, etc | Cheryl Pavlik; Series director Susan Kesner Bland |
| 246 3# - VARYING FORM OF TITLE | |
| Title proper/short title | Grammar sense one |
| 260 ## - PUBLICATION, DISTRIBUTION, ETC. (IMPRINT) | |
| Place of publication, distribution, etc | New York : |
| Name of publisher, distributor, etc | Oxford University Press,2004 |
| Date of publication, distribution, etc | 2004. |
| 300 ## - PHYSICAL DESCRIPTION | |
| Extent | 1 CD-ROM : |
| Other physical details | sd., col.; |
| Dimensions | 4 3/4 in. + |
| Accompanying material | 1 Student's book (xvii, 396 p. : ill. (some col.) ; 25 cm.) |
| 500 ## - GENERAL NOTE | |
| General note | Includes index. |
| 511 ## - PARTICIPANT OR PERFORMER NOTE | |
| Participant or performer note | catalogued by: wessam |
| 650 #0 - SUBJECT ADDED ENTRY--TOPICAL TERM | |
| Topical term or geographic name as entry element | English language |
| Form subdivision | Textbooks for foreign speakers. |
| 9 (RLIN) | 20486 |
| 650 #0 - SUBJECT ADDED ENTRY--TOPICAL TERM | |
| Topical term or geographic name as entry element | English language |
| General subdivision | Grammar |
| Form subdivision | Problems, exercises, etc. |
| 9 (RLIN) | 20487 |
| 700 1# - ADDED ENTRY--PERSONAL NAME | |
| Personal name | Bland, Susan Kesner. |
| 9 (RLIN) | 20488 |
| 942 ## - ADDED ENTRY ELEMENTS (KOHA) | |
| Item type | |
| Call number prefix | 428.24PAV |
| Source of classification or shelving scheme | Dewey Decimal Classification |
| Withdrawn status | Lost status | Source of classification or shelving scheme | Damaged status | Not for loan | Koha collection | Home library | Current library | Shelving location | Date acquired | Source of acquisition | Total Checkouts | Total Renewals | Full call number | Barcode | Date last seen | Date last borrowed | Koha item type | Public note |
|---|---|---|---|---|---|---|---|---|---|---|---|---|---|---|---|---|---|---|
| Dewey Decimal Classification | Alahram | Central Library | Central Library | Second Floor | 19/10/2010 | 2 | 2 | 428.24 PAV | 000013492 | 24/08/2022 | 22/10/2013 | CD | DVD - (NB) | 2 CDs |